000 00783nam a22001577a 4500
003 OSt
005 20151006132446.0
008 151006b xxu||||| |||| 00| 0 eng d
040 _cRUA
082 _aAVM VY 2006 B076 Or.1
100 _92151
_aVY, SOCHENDA.
245 _aEffect of vitamin E on growth rate of growing pigs animal experiment station of royal university of agriculture, ឥទ្ធពលនៃការប្រើប្រាស់វីតាមីន​​ អឺលើការលូតលាស់ជ្រូកសាច់ នៅស្ថានីយ៍ពិសោធន៍សត្វនៃសាកលវិទ្យាល័យភូមិន្ទកសិកម្ម
260 _aPhnom Penh
_bRUA
_c2006
300 _a41p.
_bill.
_c29cm.
942 _2ddc
_cAVM
999 _c2021
_d2021